000 00975nam0a22002531 4500
001 rc\491651
005 20260407124125.0
035 _a(NLR Aleph) 005733537
090 _a7604216
_c7604216
100 _a20030616d1987 |||y0rusy50 ca
101 0 _arus
102 _aRU
105 _aa |||||||||
200 1 _aМетодические рекомендации по расчету на ЭВМ воздухообмена и воздухораспределения
_fВНИИ охраны труда
_g[Сост. М.И. Гримитлин и др.]
210 _aЛ.
_cВНИИОТ
_d1987
215 _a78, [3] с.
_cил.
_d21
320 _aБиблиогр.: с. 80 (13 назв.)
702 1 _aГримитлин
_bМ.И.
_gМихаил Иосифович
_4220
712 0 2 _aВНИИ охраны труда
_cЛенинград
_3RU\NLR\AUTH\889964950
_9426110
801 0 _aRU
_bNLR
_gpsbo
801 1 _aRU
_bELAR
_2rusmarc
852 _aNLR
_j88-6/237
942 _cBOOK
980 _aNB